000 00717nam a2200289Ia 4500
005 20260324122542.0
008 008 260324s9999 xx 000 0 eng d
020 _a9780203495162
037 _aEBOOK
040 _aCRL
040 _beng
040 _cCRL
041 _2eng
041 _aeng
084 _qCRL
100 _aMaxine David; Jackie Gower; Hiski Haukkala
_91166885
245 0 _aNational Perspectives on Russia
245 0 _bEuropean Foreign Policy in the Making?
260 _bTaylor and Francis
260 _c2013
365 _a
365 _b240
856 _uhttp://www.taylorfrancis.com/books/9780203495162
942 _cEBOOK
999 _c1759723
_d1759723